Music Quiz

Random Music Quiz
Score 0/14 Timer 20:00
0 Plays Today
Question Answer Wrong Answers
What was the name of Bon Jovi's debut album? Bon Jovi
83.3%
1984
16.7%
Runaway
0%
Sons of Beaches
0%
Which of these songs from New Jersey reached top 10? Living in sin
50%
Blood on blood
0%
99 in the Shade
0%
Wild is the wind
33.3%
What album are songs 'Only Lonely, Tokyo Road, Always run to you and Silent Night,' listed on? 7800 degrees Fahrenheit
33.3%
This House is not for Sale
33.3%
Slippery when Wet
0%
Lost Highway
0%
How may tracks does their third studio album Slippery when Wet have on it? 10
33.3%
12
50%
7
0%
9
0%
Lay your hands on me, Born to be my baby and I'll be there for you are all top ten singles from what album? New Jersey
33.3%
Slippery when wet
0%
Keep the Faith
0%
These Days
33.3%
What was the lead single in their eleventh studio album titled The Circle? We weren't born to follow
33.3%
When we were beautiful
16.7%
Superman tonight
0%
Wanted dead or alive
33.3%
In what year was Bon Jovi's latest studio album (as of yet) released? 2016
33.3%
2015
0%
2018
33.3%
2014
0%
On what album were the songs Something for the pain and Something to believe in? These Days
33.3%
Slippery when Wet
0%
Crush
66.7%
Lost Highway
0%
What is the first track on 1992 album Keep the Faith? I believe
33.3%
Keep the Faith
33.3%
In these arms
0%
I want you
0%
What is Bon Jovi's most popular album to date? Slippery when wet
33.3%
Keep the Faith
50%
This House is not for Sale
0%
New Jersey
0%
What album contained NO.1 single It's my Life? Crush
33.3%
Bounce
16.7%
Have a Nice Day
16.7%
These Days
0%
Which of these tracks was featured in their seventh studio album titled Crush? Save the World
16.7%
Welcome to wherever you are
33.3%
Only Lonely
16.7%
I'd die for you
16.7%
In what year was New Jersey released? 1988
16.7%
1990
0%
1989
16.7%
1987
33.3%
What was Bon Jovi's last album with guitarist Richie Sambora? What about Now
16.7%
Keep the Faith
50%
Crush
16.7%
Burning Bridges
0%
Remove Ads.
Support Sporcle.
Get the best of Sporcle when you Go Orange. This ad-free experience offers more features, more stats, and more fun while also helping to support Sporcle. Thank you for becoming a member.

You're not logged in!

Compare scores with friends on all Sporcle quizzes.
OR
Log In

Show Comments

Extras

Created Sep 29, 2019ReportNominate
Tags:Bon Jovi

Top Quizzes Today


Score Distribution

Your Account Isn't Verified!

In order to create a playlist on Sporcle, you need to verify the email address you used during registration. Go to your Sporcle Settings to finish the process.

Report this User

Report this user for behavior that violates our Community Guidelines.

Details: